Dinámica y perspectiva del Vallés (Record no. 29064)

MARC details
000 -LEADER
campo de control de longitud fija 01428nam a2200241 i 4500
001 - NÚMERO DE CONTROL
campo de control 29064
003 - IDENTIFICADOR DE NÚMERO DE CONTROL
campo de control ES-MaACL
005 - FECHA Y HORA DE LA ÚLTIMA TRANSACCIÓN
campo de control 20251012201943.0
007 - CAMPO FIJO DE DESCRIPCIÓN FÍSICA--INFORMACIÓN GENERAL
campo de control de longitud fija t|
008 - DATOS DE LONGITUD FIJA--INFORMACIÓN GENERAL
campo de control de longitud fija 030121m19701971sp bd |||| | spa d
080 ## - NÚMERO DE LA CLASIFICACIÓN DECIMAL UNIVERSAL
Número de la Clasificación Decimal Universal 338(460.235 Vallés.)"19"
245 00 - MENCIÓN DEL TÍTULO
Título Dinámica y perspectiva del Vallés
Resto del título : 1969 /
Mención de responsabilidad, etc. [estudio promovido por la Caja de Ahorros de Sabadell ; director, Lluís Barbé i Durán].
246 34 - FORMA VARIANTE DEL TITULO
Texto de visualización Tít. de cub. del v. 13
Título propio/Titulo breve La enseñanza
260 ## - PUBLICACIÓN, DISTRIBUCIÓN, ETC.
Lugar de publicación, distribución, etc. [Sabadell :
Nombre del editor, distribuidor, etc. Caja de Ahorros de Sabadell,
Fecha de publicación, distribución, etc. 1970-71]
300 ## - DESCRIPCIÓN FÍSICA
Extensión 13 v. :
Otras características físicas gráf., mapas ;
Dimensiones 30 cm.
505 8# - NOTA DE CONTENIDO CON FORMATO
Nota de contenido con formato Contiene: 0 ;
Título Metodología - 2 ;
-- Sabadell y su zona de influencia - 3 ;
-- Terrassa y su zona de influencia - 4 ;
-- Granollers y su zona de influencia - 5 ;
-- La zona del Moianès, Caldes de Montbui y su zona de influencia - 6 ;
-- La zona del Congost y La Garriga y su zona de influencia - 8 ;
-- Sant Celoni y su zona de influencia - 9 ;
-- La agricultura - 10 ;
-- La industrialización - 11 ;
-- Servicios y vivienda - 12 ;
-- Sanidad - 13 ;
-- Educación. Estructuras, actitudes y formación profesional - 14 ;
-- El factor humano
597 ## - NOTA DE DESCRIPCIÓN FÍSICA
NOTA DE DESCRIPCIÓN FÍSICA H. imp. por una sola cara.
651 #4 - PUNTO DE ACCESO ADICIONAL DE MATERIA--NOMBRE GEOGRÁFICO
Nombre geográfico Vallès (Barcelona, Comarca)-
Subdivisión general Situación económica.
9 (RLIN) 160689
700 1# - ENTRADA AGREGADA--NOMBRE PERSONAL
Nombre de persona Barbé i Durán, Lluís,
Fechas asociadas al nombre 1939-
9 (RLIN) 162057
710 2# - ENTRADA AGREGADA--NOMBRE DE ENTIDAD CORPORATIVA
Nombre de entidad corporativa o nombre de jurisdicción como elemento de entrada Caja de Ahorros de Sabadell.
9 (RLIN) 2291
852 ## - LOCALIZACIÓN
Ubicación ES-MaACL
Número de control de estantería L-31269-81
condición física - Faltan: v. 1 y 7
Holdings
Estatus retirado Estado de pérdida Estado de daño No para préstamo Biblioteca de origen Biblioteca actual Ubicación en estantería Fecha de adquisición Fuente de adquisición Total de préstamos Signatura topográfica completa Código de barras Visto por última vez Precio de reemplazo Tipo de ítem Koha
        Biblioteca del Ateneo de Madrid Biblioteca del Ateneo de Madrid Depósito 2 14/03/2017     L-31269-81 1197233 23/02/2023 23/02/2023 Libro impreso